000 00343nam a2200145Ia 4500
008 230917s9999||||xx |||||||||||||| ||und||
040 _e151093
_aMAIN
041 _aEnglish
082 _a301.04 D74A
100 _aDoshi, S L
245 0 _aAadhunik samajshastriy vichara
260 _aJaipur
_bRawat
_c2007
300 _a427 p.
942 _cBK
999 _c150341
_d150341